Catálogo
 En Linea

Invonne Haza : (Registro nro. 29921)

Detalles MARC
000 -CABECERA
campo de control de longitud fija 00733nam a2200217 a 4500
001 - NÚMERO DE CONTROL
campo de control 000030429
005 - FECHA Y HORA DE LA ÚLTIMA TRANSACCIÓN
campo de control 20200930062316.0
008 - DATOS DE LONGITUD FIJA--INFORMACIÓN GENERAL
campo de control de longitud fija 110517s2009 dr ac 000 0 spa d
020 ## - NÚMERO INTERNACIONAL ESTÁNDAR DEL LIBRO
Número Internacional Estándar del Libro 0006389
040 ## - FUENTE DE LA CATALOGACIÓN
Lengua de catalogación spa
Centro/agencia transcriptor BNPHU
Centro catalogador/agencia de origen DO-SdBNP
082 ## - NÚMERO DE LA CLASIFICACIÓN DECIMAL DEWEY
Número de clasificación xxxx
Número de documento/Ítem R641I
049 ## - FONDOS LOCALES (OCLC)
Fondos de biblioteca BNPD
100 1# - ENTRADA PRINCIPAL--NOMBRE DE PERSONA
Nombre de persona Robert-Henández, Wilson
9 (RLIN) 57060
245 10 - MENCIÓN DE TÍTULO
Título Invonne Haza :
Resto del título la diva dominicana /
Mención de responsabilidad, etc. Wilson Robert-Henández; prólogo Julio de Windt.
260 ## - PUBLICACIÓN, DISTRIBUCIÓN, ETC.
Lugar de publicación, distribución, etc. Santo Domingo :
Nombre del editor, distribuidor, etc. Editora del Banco Central,
Fecha de publicación, distribución, etc. 2009.
300 ## - DESCRIPCIÓN FÍSICA
Extensión 335 p :
Otras características físicas il., retrs. ;
Dimensiones 33 cm.
500 ## - NOTA GENERAL
Nota general Incluye datos biografico del autor en la pág. 333
500 ## - NOTA GENERAL
Nota general Indice de nombres citados
500 ## - NOTA GENERAL
Nota general Cronológico Invonne Haza
700 1# - PUNTO DE ACCESO ADICIONAL--NOMBRE DE PERSONA
Nombre de persona Windt, Julio de
Término indicativo de función/relación pról.
9 (RLIN) 57061
Existencias
Estado de retiro Estado de pérdida No para préstamo Código de colección Localización permanente Ubicación/localización actual Ubicación en estantería Fecha de adquisición Número de inventario Total de préstamos Signatura topográfica completa Código de barras Fecha visto por última vez Precio válido a partir de Tipo de ítem Koha Número de copia
    Excluido de préstamo Patrimonio Dominicano Patrimonio Dominicano Patrimonio Dominicano En catalogación 17.05.2011 LF1   xxxx R641I 30429-10 25.06.2020 25.06.2020 Libro y Folleto Colección Patrimonio Dominicano  
    Excluido de préstamo Patrimonio Dominicano Patrimonio Dominicano Patrimonio Dominicano En catalogación 17.05.2011 LF1   xxxx R641I 30429-20 25.06.2020 25.06.2020 Libro y Folleto Colección Patrimonio Dominicano e. 2

Con tecnología Koha